[Event "URU-ch sf"]
[Site "Montevideo"]
[Date "2024.02.12"]
[Round "5"]
[White "Larrea, Manuel"]
[Black "Vazquez, Facundo"]
[Result "0-1"]
[WhiteElo "2260"]
[BlackElo "2374"]
[PlyCount "94"]
[EventDate "2024.02.09"]
[EventType "swiss"]
[EventRounds "7"]
[EventCountry "URU"]
[SourceTitle "CB08_2024"]
[SourceDate "2024.02.21"]
[SourceVersion "1"]
[SourceVersionDate "2024.02.21"]
[SourceQuality "1"]

1. e4 c5 2. Nc3 Nc6 3. Bb5 Nd4 4. Bc4 a6 5. Nf3 b5 6. Bd5 Ra7 7. Nxd4 cxd4 8. Ne2 Nf6 9. Bb3 Nxe4 10. Nxd4 e6 11. c3 Bb7 12. 0-0 Bd6 13. d3 Nc5 14. Bc2 Qh4 15. h3 0-0 16. Be3 Raa8 17. b4 Na4 18. Bxa4 bxa4 19. Qxa4 Qh5 20. f4 e5 21. Nf3 exf4 22. Qxd7 Bxf3 23. Qxd6 Bxg2 24. Rxf4 Qxh3 25. Kf2 Rae8 26. Re1 Re6 27. Qd4 Rfe8 28. Rg4 Rg6 29. Rxg6 Qf3+ 30. Kg1 hxg6 31. Qh4 Bh3 32. Qf2 Qh5 33. Bf4 Qg4+ 34. Bg3 Rxe1+ 35. Qxe1 Qf3 36. Qf2 Qxd3 37. Be5 g5 38. Kh2 Be6 39. a4 g4 40. Bd4 Qh3+ 41. Kg1 Bd5 42. Qh2 Qf3 43. Qb8+ Kh7 44. Qh2+ Kg6 45. Be5 Qe3+ 46. Kf1 Bc4+ 47. Kg2 Qf3+ 0-1

[Event "URU-ch sf"]
[Site "Montevideo"]
[Date "2024.02.11"]
[Round "4"]
[White "Vazquez, Facundo"]
[Black "Coppola, Claudio"]
[Result "1-0"]
[WhiteElo "2374"]
[BlackElo "2272"]
[PlyCount "92"]
[EventDate "2024.02.09"]
[EventType "swiss"]
[EventRounds "7"]
[EventCountry "URU"]
[SourceTitle "CB08_2024"]
[SourceDate "2024.02.21"]
[SourceVersion "1"]
[SourceVersionDate "2024.02.21"]
[SourceQuality "1"]

1. d4 Nf6 2. Nf3 b6 3. g3 Bb7 4. Bg2 e6 5. 0-0 c5 6. c4 cxd4 7. Qxd4 Nc6 8. Qf4 d5 9. Nc3 Bd6 10. Qh4 dxc4 11. Rd1 Qe7 12. Bg5 Na5 13. e4 e5 14. Bxf6 gxf6 15. Bh3 f5 16. Qh6 0-0-0 17. Bxf5+ Kb8 18. Nd5 Bxd5 19. exd5 Bc5 20. Qg7 e4 21. Qe5+ Qxe5 22. Nxe5 Rde8 23. Nd7+ Kb7 24. Nf6 e3 25. Nxe8 exf2+ 26. Kf1 Rxe8 27. d6 c3 28. d7 Rd8 29. b3 Nc6 30. Be4 b5 31. a3 a5 32. b4 axb4 33. axb4 Bxb4 34. Rdb1 Kb6 35. Bxc6 Kxc6 36. Rxb4 Rxd7 37. Rb3 b4 38. Rxb4 Kc5 39. Rb8 Kc4 40. Rc1 Rd3 41. Kxf2 Rd2+ 42. Ke3 Rxh2 43. Rc8+ Kd5 44. R8xc3 Ke6 45. Rf1 Rg2 46. Rf3 Kd5 1-0

[Event "Florianopolis op 10th"]
[Site "Florianopolis"]
[Date "2024.01.22"]
[Round "3"]
[White "Casalaspro, Mathias Andre"]
[Black "Vazquez, Facundo"]
[Result "0-1"]
[WhiteElo "2121"]
[BlackElo "2381"]
[PlyCount "76"]
[EventDate "2024.01.20"]
[EventType "swiss"]
[EventRounds "10"]
[EventCountry "BRA"]
[SourceTitle "CB05_2024"]
[SourceDate "2024.01.31"]
[SourceVersion "1"]
[SourceVersionDate "2024.01.31"]
[SourceQuality "1"]

1. e4 c5 2. Nf3 d6 3. d4 cxd4 4. Qxd4 Nc6 5. Bb5 Bd7 6. Bxc6 Bxc6 7. Nc3 Nf6 8. Bg5 e6 9. 0-0-0 Be7 10. Rhe1 0-0 11. Kb1 Qa5 12. Qd2 Qb6 13. Nd4 Rac8 14. f3 Rfd8 15. g4 a5 16. Nce2 a4 17. Ng3 a3 18. b3 Qc7 19. Nh5 Ne8 20. Bxe7 Qxe7 21. g5 g6 22. Ng3 e5 23. Nxc6 bxc6 24. f4 exf4 25. Qxf4 Nc7 26. Rd2 Nd5 27. Qf2 Nc3+ 28. Ka1 Qxg5 29. Rf1 Rc7 30. Nf5 Nb5 31. Kb1 Kf8 32. Nd4 Qe5 33. Qh4 Re7 34. Rxf7+ Rxf7 35. Qxd8+ Kg7 36. c3 Qxe4+ 37. Kc1 Rf1+ 38. Rd1 Qe3+ 0-1

[Event "Florianopolis op 10th"]
[Site "Florianopolis"]
[Date "2024.01.22"]
[Round "4"]
[White "Vazquez, Facundo"]
[Black "Bueno, Alfeu Varela Jr"]
[Result "1/2-1/2"]
[WhiteElo "2381"]
[BlackElo "2156"]
[PlyCount "77"]
[EventDate "2024.01.20"]
[EventType "swiss"]
[EventRounds "10"]
[EventCountry "BRA"]
[SourceTitle "CB05_2024"]
[SourceDate "2024.01.31"]
[SourceVersion "1"]
[SourceVersionDate "2024.01.31"]
[SourceQuality "1"]

1. d4 e6 2. c4 f5 3. a3 b6 4. Nc3 Bb7 5. Bf4 Nf6 6. e3 Be7 7. h4 Ne4 8. Nxe4 Bxe4 9. Nf3 Bf6 10. Bd3 Bb7 11. Qc2 Bxf3 12. gxf3 0-0 13. 0-0-0 Kh8 14. Kb1 Qe7 15. Rdg1 Nc6 16. Bg5 a6 17. d5 Ne5 18. Be2 b5 19. c5 exd5 20. Qxf5 c6 21. f4 Nc4 22. Bd3 g6 23. Bxf6+ Rxf6 24. Qg4 Qg7 25. Qe2 Qf7 26. h5 g5 27. Rxg5 Rg8 28. Rhg1 Rxg5 29. Rxg5 Re6 30. Bxc4 bxc4 31. Qd2 h6 32. Rg1 Qf5+ 33. Ka2 Re7 34. Qd4+ Kh7 35. Qd1 Rg7 36. Rxg7+ Kxg7 37. Qf3 Qc2 38. Qg4+ Kf6 39. Qxd7 1/2-1/2

[Event "Pan American-ch U20"]
[Site "Vila Santa Cecilia"]
[Date "2023.11.10"]
[Round "8.8"]
[White "Vazquez, Facundo"]
[Black "Tomiello, Mateus Costamilan"]
[Result "1-0"]
[WhiteElo "2407"]
[BlackElo "2145"]
[PlyCount "49"]
[EventDate "2023.11.06"]
[EventType "swiss"]
[EventRounds "9"]
[EventCountry "BRA"]
[SourceTitle "CB46_2023"]
[SourceDate "2023.11.15"]
[SourceVersion "1"]
[SourceVersionDate "2023.11.15"]
[SourceQuality "1"]

1. d4 d5 2. c4 e6 3. Nc3 Nf6 4. cxd5 exd5 5. Bg5 c6 6. e3 Be7 7. Bd3 h6 8. Bh4 0-0 9. Nge2 Re8 10. 0-0 Nbd7 11. a4 a5 12. f3 Nf8 13. Qc2 Ne6 14. Rad1 Qb6 15. Kh1 Ng4 16. Bh7+ Kh8 17. fxg4 Bxh4 18. Rxf7 Bf6 19. Bg6 Rg8 20. Rf1 Ng5 21. Nf4 Qd8 22. Bh5 Re8 23. h4 Ne4 24. Nxe4 Rxe4 25. Ng6+ 1-0

[Event "Pan American-ch U20"]
[Site "Vila Santa Cecilia"]
[Date "2023.11.06"]
[Round "1.3"]
[White "Casalaspro, Mathias Andre"]
[Black "Vazquez, Facundo"]
[Result "1/2-1/2"]
[WhiteElo "2060"]
[BlackElo "2407"]
[PlyCount "105"]
[EventDate "2023.11.06"]
[EventType "swiss"]
[EventRounds "9"]
[EventCountry "BRA"]
[SourceTitle "CB46_2023"]
[SourceDate "2023.11.15"]
[SourceVersion "1"]
[SourceVersionDate "2023.11.15"]
[SourceQuality "1"]

1. d4 Nf6 2. Nc3 d5 3. Bf4 e6 4. Nb5 Bb4+ 5. c3 Ba5 6. e3 Nbd7 7. Nf3 a6 8. Na3 c6 9. Bd3 Bc7 10. 0-0 0-0 11. Qc2 c5 12. Bxc7 Qxc7 13. c4 cxd4 14. Nxd4 dxc4 15. Nxc4 b5 16. Nd2 Qxc2 17. Nxc2 Nc5 18. Be2 Rd8 19. Bf3 Ra7 20. Rfd1 Rad7 21. Nd4 e5 22. Nc6 Re8 23. Nb3 Na4 24. Rdc1 Bb7 25. Nba5 e4 26. b3 Bxc6 27. Nxc6 Nb2 28. Be2 Rd2 29. Nd4 Nd5 30. Kf1 Nf4 31. Ke1 Rxe2+ 32. Nxe2 Nfd3+ 33. Kd2 Nxc1 34. Rxc1 Nd3 35. Rc6 Ra8 36. Rd6 Nxf2 37. Ng3 Ng4 38. Nxe4 Nxh2 39. Nc5 a5 40. Nb7 Nf1+ 41. Kd3 Re8 42. Rd8 Rxd8+ 43. Nxd8 Kf8 44. Nc6 Ke8 45. Nxa5 h5 46. Nc6 g5 47. Nd4 g4 48. Nf5 Kd7 49. Ke2 Nh2 50. Kf2 Kc6 51. a4 b4 52. e4 Kc5 53. Ke2 1/2-1/2

[Event "Titled Tuesday intern op 26th Sep Late"]
[Site "Chess.com INT"]
[Date "2023.09.26"]
[Round "7"]
[White "Shubenkova, Veronika"]
[Black "Vazquez, Facundo"]
[Result "1-0"]
[WhiteElo "2007"]
[BlackElo "2407"]
[PlyCount "65"]
[EventDate "2023.09.26"]
[EventType "swiss (blitz)"]
[EventRounds "11"]
[EventCountry "USA"]
[SourceTitle "EXT 2024"]
[Source "ChessBase"]
[SourceDate "2023.10.10"]
[SourceVersion "1"]
[SourceVersionDate "2023.10.10"]
[SourceQuality "1"]

1. e4 e6 2. d4 d5 3. exd5 exd5 4. Nf3 Bd6 5. Bd3 Bf8 6. 0-0 Be7 7. Re1 Nf6 8. Bg5 Nbd7 9. Nbd2 0-0 10. Ne5 Nxe5 11. dxe5 Nd7 12. Bxe7 Qxe7 13. Nf3 g6 14. c3 Nc5 15. Bc2 c6 16. h3 Ne6 17. Qd2 b6 18. Re3 Bb7 19. Rae1 c5 20. Nh2 h5 21. Rg3 Kh7 22. Nf3 d4 23. Ng5+ Nxg5 24. Rxg5 Rh8 25. Rxh5+ Kg7 26. Rxh8 Rxh8 27. cxd4 Qh4 28. dxc5 Bxg2 29. Qc3 Bxh3 30. e6+ f6 31. Qg3 Qxg3+ 32. fxg3 bxc5 33. Ba4 1-0

[Event "Villa Constitucion op"]
[Site "Villa Constitucion"]
[Date "2023.08.17"]
[Round "1"]
[White "Vazquez, Facundo"]
[Black "Vecchio, Raul Antonio"]
[Result "1-0"]
[WhiteElo "2398"]
[BlackElo "1769"]
[PlyCount "75"]
[EventDate "2023.08.17"]
[EventType "swiss"]
[EventRounds "9"]
[EventCountry "ARG"]
[SourceTitle "EXT 2024"]
[Source "ChessBase"]
[SourceDate "2023.10.10"]
[SourceVersion "1"]
[SourceVersionDate "2023.10.10"]
[SourceQuality "1"]

1. d4 Nf6 2. c4 g6 3. Nf3 Bg7 4. g3 c5 5. d5 d6 6. Nc3 0-0 7. Bg2 Nbd7 8. 0-0 a6 9. a4 Rb8 10. Re1 Ng4 11. h3 Nge5 12. Nd2 f5 13. f4 Nf7 14. e4 fxe4 15. Ndxe4 Nf6 16. Nf2 Bd7 17. Qd3 Re8 18. Be3 Qb6 19. g4 Qb4 20. Bd2 Qb6 21. Rab1 Qb3 22. Bf3 e5 23. Bd1 Qb6 24. f5 e4 25. Qg3 Ne5 26. b3 Nf3+ 27. Bxf3 exf3 28. fxg6 hxg6 29. Qxf3 Rxe1+ 30. Bxe1 Rf8 31. Qd3 Kh7 32. Nfe4 Nxe4 33. Nxe4 Bd4+ 34. Kg2 Qd8 35. Bc3 Qh4 36. Bxd4 cxd4 37. Rf1 Rxf1 38. Kxf1 1-0

[Event "URU-chT"]
[Site "Montevideo"]
[Date "2023.07.23"]
[Round "4.3"]
[White "Vaz Lacuesta, Leonardo"]
[Black "Vazquez, Facundo"]
[Result "0-1"]
[WhiteElo "2059"]
[BlackElo "2393"]
[PlyCount "110"]
[EventDate "2023.07.21"]
[EventType "team-tourn"]
[EventRounds "5"]
[EventCountry "URU"]
[SourceTitle "CBM 215 Extra"]
[Source "ChessBase"]
[SourceDate "2023.09.30"]
[SourceVersion "1"]
[SourceVersionDate "2023.09.30"]
[SourceQuality "1"]
[WhiteTeam "Trebejos"]
[BlackTeam "Banco Republica"]
[WhiteTeamCountry "URU"]
[BlackTeamCountry "URU"]

1. e4 c5 2. Nf3 d6 3. d4 cxd4 4. Nxd4 Nf6 5. Nc3 Nc6 6. Be2 e5 7. Nb3 Be7 8. 0-0 0-0 9. Be3 Be6 10. Bf3 a6 11. a4 Rc8 12. Nd5 Bxd5 13. exd5 Nb8 14. Be2 a5 15. Qd2 b6 16. f3 Qc7 17. c3 Nbd7 18. Bb5 Rfd8 19. Rfd1 Nf8 20. Qf2 Rb8 21. Bc6 Ng6 22. Nd2 Rdc8 23. Nc4 Bd8 24. Na3 Qe7 25. Nc4 e4 26. Re1 Ne5 27. Nxe5 dxe5 28. Bg5 exf3 29. Qxf3 Qc5+ 30. Be3 Qd6 31. Bf2 Bc7 32. Rad1 Rd8 33. Bh4 e4 34. Qh3 Qc5+ 35. Bf2 Qe7 36. Bh4 Rd6 37. Qf5 Rbd8 38. Bxf6 Rxf6 39. Qh3 Rh6 40. Qe3 Bxh2+ 41. Kf1 Rf6+ 42. Ke2 Bd6 43. Rd4 Rf4 44. Kd1 f5 45. Rd2 Rb8 46. b4 axb4 47. cxb4 Rg4 48. Qb3 Rg3 49. Qa2 Qe5 50. Qb1 Ra3 51. Ke2 Qg3 52. Kf1 e3 53. Rb2 Qf4+ 54. Kg1 Qh2+ 55. Kf1 Qh1+ 0-1

[Event "URU-chT"]
[Site "Montevideo"]
[Date "2023.07.23"]
[Round "5.3"]
[White "Vazquez, Facundo"]
[Black "Soto, Nicolas"]
[Result "1-0"]
[WhiteElo "2393"]
[BlackElo "1960"]
[PlyCount "113"]
[EventDate "2023.07.21"]
[EventType "team-tourn"]
[EventRounds "5"]
[EventCountry "URU"]
[SourceTitle "CBM 215 Extra"]
[Source "ChessBase"]
[SourceDate "2023.09.30"]
[SourceVersion "1"]
[SourceVersionDate "2023.09.30"]
[SourceQuality "1"]
[WhiteTeam "Banco Republica"]
[BlackTeam "Mijail Tal"]
[WhiteTeamCountry "URU"]
[BlackTeamCountry "URU"]

1. d4 d5 2. c4 c6 3. Nf3 Nf6 4. e3 e6 5. Nbd2 Bd6 6. Bd3 Nbd7 7. 0-0 0-0 8. e4 dxe4 9. Nxe4 Nxe4 10. Bxe4 h6 11. Bc2 Qc7 12. Qd3 Nf6 13. c5 Bf4 14. Bxf4 Qxf4 15. Ne5 h5 16. Rfe1 Rd8 17. Rad1 Bd7 18. Re3 Be8 19. Rf3 Qh6 20. Nc4 Rd5 21. Nd6 b5 22. Qe3 Qxe3 23. fxe3 Rg5 24. e4 h4 25. Bb3 a5 26. a4 b4 27. h3 Rd8 28. e5 Nh5 29. Re1 Rg3 30. Re4 Rxf3 31. gxf3 Ng3 32. Rxh4 Nf5 33. Re4 Nxd6 34. cxd6 Bd7 35. Re1 g6 36. Rc1 Ra8 37. Rc5 Ra7 38. Bc2 Kg7 39. b3 Kh6 40. Be4 Ra6 41. Kg2 Kg5 42. Kg3 Kh6 43. Kh4 Be8 44. Kg3 Bd7 45. h4 Be8 46. f4 Bd7 47. Bf3 Be8 48. Kf2 Bd7 49. Ke3 Be8 50. Kd3 Bd7 51. Rc2 Kg7 52. Kc4 f5 53. h5 gxh5 54. Bxh5 Ra8 55. Rg2+ Kf8 56. Kc5 Ra6 57. Rg6 1-0

[Event "Titled Tuesday intern op 04th Jul Early"]
[Site "Chess.com INT"]
[Date "2023.07.04"]
[Round "2"]
[White "Topalov, Aleksandar"]
[Black "Vazquez, Facundo"]
[Result "1/2-1/2"]
[WhiteElo "2233"]
[BlackElo "2393"]
[PlyCount "173"]
[EventDate "2023.07.04"]
[EventType "swiss (blitz)"]
[EventRounds "11"]
[EventCountry "USA"]
[SourceTitle "EXT 2024"]
[Source "ChessBase"]
[SourceDate "2023.10.10"]
[SourceVersion "1"]
[SourceVersionDate "2023.10.10"]
[SourceQuality "1"]

1. b3 Nf6 2. Bb2 d5 3. Nf3 Nbd7 4. e3 g6 5. c4 dxc4 6. bxc4 Bg7 7. Be2 0-0 8. 0-0 c5 9. d3 b6 10. a4 Bb7 11. a5 Qc7 12. Nc3 Bc6 13. axb6 axb6 14. Qb3 Qb7 15. Nb5 Rxa1 16. Rxa1 Ra8 17. Ra4 Rxa4 18. Qxa4 h6 19. Qa7 Qxa7 20. Nxa7 Ba4 21. Nc8 Kf8 22. Ne5 b5 23. Nxd7+ Nxd7 24. Bxg7+ Kxg7 25. cxb5 Bxb5 26. Nxe7 Nb6 27. e4 Kf6 28. Ng8+ Kg7 29. Ne7 Kf8 30. Nd5 Nxd5 31. exd5 Ke7 32. Kf1 Kd6 33. Ke1 Kxd5 34. Kd2 Kd4 35. g3 g5 36. Bf1 f6 37. Be2 Bc6 38. Bd1 Bb5 39. Bc2 g4 40. Bb1 Bd7 41. Bc2 Bf5 42. Bd1 Bxd3 43. Bxg4 c4 44. h4 c3+ 45. Kc1 Be4 46. Be2 Bd5 47. Bf1 Be6 48. Be2 Bf5 49. Bf1 Bd3 50. Bg2 Kc4 51. Bf3 Kb3 52. Bd5+ Kb4 53. Bf3 f5 54. Bg2 Kc4 55. Bf3 Kc5 56. Bg2 Kd4 57. Bf3 Bb5 58. Bg2 Be8 59. Bf3 Bf7 60. Bg2 Bh5 61. Bh3 Ke4 62. Bg2+ Kd3 63. Bf1+ Be2 64. Bh3 Bg4 65. Bf1+ Kd4 66. Bg2 Be2 67. Bh3 Bd3 68. Bg2 c2 69. Kd2 Kc4 70. Bh3 Kb3 71. Kc1 Kc3 72. g4 f4 73. g5 hxg5 74. hxg5 Bg6 75. Bg2 Kd4 76. Bf3 Kd3 77. Bg4 Be4 78. Bh5 f3 79. g6 Ke2 80. g7 Bd5 81. Bg6 Kxf2 82. Bh7 Ke1 83. g8Q Bxg8 84. Bxg8 f2 85. Bc4 f1Q 86. Bxf1 Kxf1 87. Kxc2 1/2-1/2

[Event "Titled Tuesday intern op 27th Jun Late"]
[Site "Chess.com INT"]
[Date "2023.06.27"]
[Round "11"]
[White "Liu, Casper Yukun"]
[Black "Vazquez, Facundo"]
[Result "0-1"]
[WhiteElo "2278"]
[BlackElo "2393"]
[PlyCount "42"]
[EventDate "2023.06.27"]
[EventType "swiss (blitz)"]
[EventRounds "11"]
[EventCountry "USA"]
[SourceTitle "EXT 2024"]
[Source "ChessBase"]
[SourceDate "2023.10.10"]
[SourceVersion "1"]
[SourceVersionDate "2023.10.10"]
[SourceQuality "1"]

1. e4 c5 2. d4 cxd4 3. Qxd4 Nc6 4. Qe3 Nf6 5. Nc3 d5 6. Bd2 d4 7. Qg3 dxc3 8. Bxc3 Nxe4 9. Qe3 Nxc3 10. Qxc3 Qa5 11. a3 Qxc3+ 12. bxc3 e6 13. 0-0-0 Bxa3+ 14. Kb1 0-0 15. Bb5 a6 16. Bd3 Ne5 17. Be4 Bd7 18. f4 Bc6 19. Bxc6 Nxc6 20. Nf3 Rfd8 21. Rd7 Rxd7 0-1

[Event "Titled Tuesday intern op 27th Jun Late"]
[Site "Chess.com INT"]
[Date "2023.06.27"]
[Round "5"]
[White "Vazquez, Facundo"]
[Black "Mekhitarian, Krikor Sevag"]
[Result "0-1"]
[WhiteElo "2393"]
[BlackElo "2537"]
[PlyCount "78"]
[EventDate "2023.06.27"]
[EventType "swiss (blitz)"]
[EventRounds "11"]
[EventCountry "USA"]
[SourceTitle "EXT 2024"]
[Source "ChessBase"]
[SourceDate "2023.10.10"]
[SourceVersion "1"]
[SourceVersionDate "2023.10.10"]
[SourceQuality "1"]

1. d4 Nf6 2. Nc3 d5 3. Bf4 a6 4. e3 Bf5 5. Bd3 Bxd3 6. cxd3 e6 7. Nf3 Be7 8. Qb3 b5 9. a4 b4 10. Ne2 Nbd7 11. Rc1 c5 12. Ne5 Rc8 13. 0-0 0-0 14. Rc2 a5 15. Rfc1 Qb6 16. h3 Qb7 17. Kh2 h6 18. g4 Nxe5 19. Bxe5 Nd7 20. Bg3 Rc6 21. e4 dxe4 22. dxe4 Rfc8 23. d5 Ra6 24. Qd3 exd5 25. exd5 Nf6 26. d6 Rd8 27. Rxc5 Bxd6 28. Bxd6 Raxd6 29. Qb5 Qf3 30. Rf5 Qb3 31. Qxa5 Qxb2 32. Qe5 Qa2 33. Ra1 Qc4 34. Ng3 Rd2 35. Rf4 Qc2 36. Rf1 b3 37. Qe3 b2 38. Rb4 Qc7 39. Qb6 Qe5 0-1

[Event "Titled Tuesday intern op 27th Jun Late"]
[Site "Chess.com INT"]
[Date "2023.06.27"]
[Round "1"]
[White "Vazquez, Facundo"]
[Black "Skaric, Djuro"]
[Result "1-0"]
[WhiteElo "2393"]
[BlackElo "2334"]
[PlyCount "95"]
[EventDate "2023.06.27"]
[EventType "swiss (blitz)"]
[EventRounds "11"]
[EventCountry "USA"]
[SourceTitle "EXT 2024"]
[Source "ChessBase"]
[SourceDate "2023.10.10"]
[SourceVersion "1"]
[SourceVersionDate "2023.10.10"]
[SourceQuality "1"]

1. d4 d6 2. Nc3 g6 3. e4 Bg7 4. Nf3 Nf6 5. Be2 0-0 6. h3 h6 7. Be3 Nc6 8. 0-0 e5 9. d5 Ne7 10. Qd2 Kh7 11. Ne1 Ne8 12. Nd3 f5 13. f3 f4 14. Bf2 g5 15. Nd1 Rf7 16. c4 Bf8 17. c5 Rg7 18. Rc1 h5 19. Kh1 Ng6 20. cxd6 cxd6 21. Bg1 Nh8 22. N1f2 Nf7 23. Rc2 Nh6 24. Rfc1 Bd7 25. Qb4 b6 26. a4 g4 27. Qe1 g3 28. Nd1 Qh4 29. Bf1 Nf7 30. a5 Ng5 31. Bh2 Bxh3 32. gxh3 Nxf3 33. Qb4 Nxh2 34. Qe1 f3 35. Rxh2 Nf6 36. Ne3 Qg5 37. h4 Qg6 38. Bh3 Kh8 39. Bf5 Qh6 40. Rh3 g2+ 41. Kg1 Ng4 42. Rxf3 Be7 43. Bxg4 hxg4 44. Nf5 Qh5 45. Nxg7 Kxg7 46. Rf5 Qg6 47. Rc7 Qe8 48. Qg3 1-0

[Event "Villa Martelli Panno 70-A"]
[Site "Villa Martelli"]
[Date "2023.05.13"]
[Round "5"]
[White "Villanueva, Mario Nicolas"]
[Black "Vazquez, Facundo"]
[Result "1/2-1/2"]
[WhiteElo "2470"]
[BlackElo "2366"]
[PlyCount "50"]
[EventDate "2023.05.09"]
[EventType "tourn"]
[EventRounds "9"]
[EventCountry "ARG"]
[EventCategory "7"]
[SourceTitle "CBM 214 Extra"]
[Source "ChessBase"]
[SourceDate "2023.07.31"]
[SourceVersion "1"]
[SourceVersionDate "2023.07.31"]
[SourceQuality "1"]

1. e4 e6 2. d4 d5 3. Nc3 Nf6 4. Bg5 dxe4 5. Nxe4 Nbd7 6. Nf3 h6 7. Bxf6 Nxf6 8. Bd3 Nxe4 9. Bxe4 c5 10. Qe2 Qa5+ 11. c3 cxd4 12. Nxd4 Be7 13. Nc6 Qb6 14. Ne5 Bf6 15. f4 Bd7 16. 0-0-0 Bb5 17. Bd3 Bxd3 18. Rxd3 Bxe5 19. Qxe5 0-0 20. Rd6 Qf2 21. Qd4 Qe2 22. Rd1 Rac8 23. Rd2 Qf1+ 24. Rd1 Qe2 25. Rd2 Qf1+ 1/2-1/2

[Event "Villa Martelli Panno 70-A"]
[Site "Villa Martelli"]
[Date "2023.05.12"]
[Round "4"]
[White "Vazquez, Facundo"]
[Black "Hoffman, Alejandro"]
[Result "1/2-1/2"]
[WhiteElo "2366"]
[BlackElo "2345"]
[PlyCount "27"]
[EventDate "2023.05.09"]
[EventType "tourn"]
[EventRounds "9"]
[EventCountry "ARG"]
[EventCategory "7"]
[SourceTitle "CBM 214 Extra"]
[Source "ChessBase"]
[SourceDate "2023.07.31"]
[SourceVersion "1"]
[SourceVersionDate "2023.07.31"]
[SourceQuality "1"]

1. d4 c5 2. d5 g6 3. e4 Bg7 4. Nf3 d6 5. Be2 Nf6 6. Nc3 0-0 7. 0-0 Na6 8. Bg5 Nc7 9. a4 b6 10. Re1 Bb7 11. Qd2 Qd7 12. Bh6 a6 13. Bxg7 Kxg7 14. Rad1 1/2-1/2

[Event "URU-ch 93rd"]
[Site "Montevideo"]
[Date "2023.04.06"]
[Round "9"]
[White "Vazquez, Facundo"]
[Black "Roselli Mailhe, Bernardo"]
[Result "1/2-1/2"]
[WhiteElo "2357"]
[BlackElo "2376"]
[PlyCount "39"]
[EventDate "2023.03.31"]
[EventType "tourn"]
[EventRounds "11"]
[EventCountry "URU"]
[SourceTitle "CBM 213 Extra"]
[Source "ChessBase"]
[SourceDate "2023.05.31"]
[SourceVersion "1"]
[SourceVersionDate "2023.05.31"]
[SourceQuality "1"]

1. d4 Nf6 2. Nf3 e6 3. c4 Bb4+ 4. Bd2 Bxd2+ 5. Qxd2 d5 6. Nc3 0-0 7. e3 Qe7 8. cxd5 exd5 9. Ne5 Nbd7 10. Nd3 Nb6 11. Nf4 Bf5 12. Bd3 Bxd3 13. Qxd3 c6 14. 0-0 Rfe8 15. Rab1 Ne4 16. Rbc1 Nc4 17. Nxe4 Qxe4 18. Qxe4 Rxe4 19. Nd3 Re7 20. b3 1/2-1/2

[Event "URU-ch 93rd"]
[Site "Montevideo"]
[Date "2023.04.02"]
[Round "4"]
[White "Vazquez, Facundo"]
[Black "Elena, Eduardo"]
[Result "1/2-1/2"]
[WhiteElo "2357"]
[BlackElo "1915"]
[PlyCount "99"]
[EventDate "2023.03.31"]
[EventType "tourn"]
[EventRounds "11"]
[EventCountry "URU"]
[SourceTitle "CBM 213 Extra"]
[Source "ChessBase"]
[SourceDate "2023.05.31"]
[SourceVersion "1"]
[SourceVersionDate "2023.05.31"]
[SourceQuality "1"]

1. d4 c5 2. d5 e5 3. e4 d6 4. Nc3 Be7 5. Nf3 Bg4 6. Qd3 Bxf3 7. Qxf3 Bg5 8. Bxg5 Qxg5 9. Nb5 Qd8 10. Qg4 Nf6 11. Qxg7 Rg8 12. Qh6 a6 13. Nc3 Rg6 14. Qd2 b5 15. f3 Nbd7 16. a4 b4 17. Nd1 h5 18. Ne3 Ng8 19. a5 Qg5 20. Nc4 Qxd2+ 21. Kxd2 Kd8 22. g3 Ne7 23. Bh3 Rb8 24. f4 exf4 25. gxf4 Kc7 26. Ne3 Nf6 27. Kd3 Re8 28. Rhg1 Reg8 29. Rxg6 Nxg6 30. Rf1 Re8 31. Bg2 h4 32. f5 Ne5+ 33. Ke2 h3 34. Bh1 Rg8 35. b3 Rg5 36. Bf3 Kd8 37. Re1 Ke7 38. Kf2 Rg8 39. Re2 Rb8 40. Re1 Rg8 41. Rf1 Rg5 42. Rd1 Rg8 43. Ke2 Rg5 44. Ra1 Rg7 45. Rf1 Rg5 46. Rc1 Rg8 47. Re1 Nfd7 48. Kf2 Nf6 49. Rd1 Rg5 50. Ke2 1/2-1/2

[Event "Montevideo Duchamp Cup 6th"]
[Site "Montevideo"]
[Date "2023.02.11"]
[Round "9"]
[White "Elters, Antoine"]
[Black "Vazquez, Facundo"]
[Result "1/2-1/2"]
[WhiteElo "2179"]
[BlackElo "2329"]
[PlyCount "109"]
[EventDate "2023.02.03"]
[EventType "swiss"]
[EventRounds "9"]
[EventCountry "URU"]
[SourceTitle "CBM 212 Extra"]
[Source "ChessBase"]
[SourceDate "2023.03.31"]
[SourceVersion "1"]
[SourceVersionDate "2023.03.31"]
[SourceQuality "1"]

1. e4 c5 2. Nf3 d6 3. Bb5+ Nd7 4. c4 Ngf6 5. Nc3 g6 6. 0-0 Bg7 7. d3 0-0 8. h3 Nb6 9. Na4 Nfd7 10. Rb1 a6 11. Bxd7 Nxd7 12. Nc3 b5 13. cxb5 axb5 14. Nxb5 Rxa2 15. Na3 Qb6 16. Nd2 Ne5 17. Ndc4 Nxc4 18. Nxc4 Qb5 19. Bg5 Ra7 20. Qd2 Be6 21. b4 Bxc4 22. dxc4 Qxc4 23. bxc5 dxc5 24. Rbc1 Qd4 25. Qc2 Rc7 26. Rfd1 Qb4 27. Bf4 Rc6 28. Rb1 Qc3 29. Qa4 Re6 30. Be3 Qe5 31. f3 Rd6 32. Rdc1 Qg3 33. Rxc5 Be5 34. Kf1 Rfd8 35. Rd5 Rxd5 36. exd5 Kg7 37. Qe4 Bf6 38. Bf4 Qh4 39. Re1 Qh5 40. Rd1 Rd7 41. Kg1 Qf5 42. Qxf5 gxf5 43. Rd2 Bc3 44. Rd3 Bb4 45. Kf1 Kf6 46. Ke2 Bc5 47. h4 e6 48. dxe6 Rxd3 49. e7 Bxe7 50. Kxd3 Ke6 51. h5 Bf6 52. Bd2 Be5 53. g4 fxg4 54. fxg4 Kd5 55. Ba5 1/2-1/2

[Event "Montevideo Duchamp Cup 6th"]
[Site "Montevideo"]
[Date "2023.02.09"]
[Round "7"]
[White "Vazquez, Facundo"]
[Black "Piasetski, Leon David"]
[Result "1-0"]
[WhiteElo "2329"]
[BlackElo "2217"]
[PlyCount "83"]
[EventDate "2023.02.03"]
[EventType "swiss"]
[EventRounds "9"]
[EventCountry "URU"]
[SourceTitle "CBM 212 Extra"]
[Source "ChessBase"]
[SourceDate "2023.03.31"]
[SourceVersion "1"]
[SourceVersionDate "2023.03.31"]
[SourceQuality "1"]

1. d4 Nf6 2. Nc3 d5 3. Bf4 a6 4. e3 e6 5. g4 h6 6. h4 c5 7. Qf3 cxd4 8. exd4 Nc6 9. 0-0-0 b5 10. g5 b4 11. gxf6 bxc3 12. Qxc3 Bd7 13. fxg7 Bxg7 14. Nf3 Qa5 15. Qxa5 Nxa5 16. Rg1 Bf6 17. Bd3 Ke7 18. Rg3 Bb5 19. h5 Nc6 20. c3 Bxd3 21. Rxd3 Rag8 22. Rd1 Bg5 23. Nxg5 hxg5 24. Rxg5 Rxg5 25. Bxg5+ f6 26. Be3 Rxh5 27. b4 Nb8 28. a4 Nd7 29. a5 Kd6 30. Kc2 Rh8 31. Rg1 Re8 32. Rg7 Kc6 33. Kb3 Rc8 34. Bf4 e5 35. Be3 Re8 36. dxe5 Rxe5 37. Rg8 Kb7 38. Rd8 Re7 39. Bd4 Kc7 40. Ra8 Re6 41. Ra7+ Kc8 42. Bb6 1-0